Software quality assurance : a student introduction

Αποθηκεύτηκε σε:
Λεπτομέρειες βιβλιογραφικής εγγραφής
Κύριος συγγραφέας: Ince, D. (Darrel)
Μορφή: Βιβλίο
Γλώσσα:English
Δημοσίευση: London : McGraw-Hill, c1995
Σειρά:McGraw-Hill international series in software engineering
Θέματα:
Ετικέτες: Προσθήκη ετικέτας
Δεν υπάρχουν, Καταχωρήστε ετικέτα πρώτοι!

MARC

LEADER 00000nam a2200000 i 4500
001 1/45540
008 971202s1995 eng d
020 |a 0-07-709096-9 
035 |l 10026162 
040 |a GR-MY-UA  |b gre  |e aacr 
041 0 |a eng 
082 0 |a 005.10685 
100 1 |a Ince, D.  |q (Darrel) 
245 1 0 |a Software quality assurance :  |b a student introduction /  |c Darrel Ince 
260 |a London :   |b McGraw-Hill,   |c c1995 
300 |a xi, 242 p. 
490 1 |a McGraw-Hill international series in software engineering 
504 |a Includes bibliography and index 
650 0 0 |a Computer software  |x Quality control. 
830 0 |a McGraw-Hill international series in software engineering 
852 |a INST  |b CHIOS  |e 19971202  |h 005.10685 INC  |p 005200010274  |q 005200010274  |t BK  |y 0 
901 |a BIBL-1997-3 
909 |a Χ  |b 051395 
922 |a 2ΕΛΗ  |b 199711  |c ΒΑΛΙΡΗΣ  |d ΠΑΠΑΣΩΤΗΡΙΟΥ